000 00764nam a22002297a 4500
005 20170124110052.0
010 _aA-895860
020 _c00.00
_a812241026
035 _aA-895860
037 _bCen Lib/Ret
040 _aDPL
_bEN
082 _a657.72
_bJOS
100 _aJoshi, R.N.
_925596
245 _aCash management :
_cby R.N. Joshi
_bperspectives, principles and practice /
260 _aNew Delhi
_bNew Age International Publishers
_c1997
270 _a4835/24,Ansari Road, Dariya Ganj
_bNew Delhi
_e110002
300 _axii, 248p.
_c21cm(Hb)
500 _aIncludes glossary, bibliographical references and index
650 _aCash business
_925597
650 _aBusiness transaction
_925598
942 _2ddc
_cEN
_h657.72
_mJOS
999 _c129160
_d129160